000 00929cam a22002893a 4500
001 21664
003 PGUSA
005 20140828083448.0
008 070602s2007||||xxu|||||s|||||000 1 eng d
040 _aPGUSA
_beng
042 _adc
050 4 _aPZ
100 1 _aCastlemon, Harry,
_d1842-1915
245 1 0 _aGeorge at the Fort :
_bLife Among the Soldiers
_h[electronic resource] /
_cHarry Castlemon
260 _bProject Gutenberg,
_c2007
506 _aPublic domain in the USA.
516 _aElectronic text
653 _aFriendship -- Juvenile fiction
653 _aConduct of life -- Juvenile fiction
653 _aIndians of North America -- Juvenile fiction
653 _aAdventure and adventurers -- Juvenile fiction
653 _aSoldiers -- Juvenile fiction
653 _aCamping -- Juvenile fiction
830 0 _aProject Gutenberg
_v21664
856 4 0 _uhttp://www.gutenberg.org/ebooks/21664
942 _cEB
999 _c250919
_d250919